UEFA National Team Captains - Statistics

General Stats
  • This quiz has been taken 304 times
    64 since last reset
  • The average score is 20 of 55
Answer Stats
National Team Captain Club Team % Correct
Austria David Alaba Real Madrid
93%
England Harry Kane Bayern Munich
93%
Portugal Cristiano Ronaldo Al Nassr
88%
Hungary Dominik Szoboszlai Liverpool
88%
Netherlands Virgil van Dijk Liverpool
88%
France Kylian Mbappé Real Madrid
86%
Norway Martin Ødegaard Arsenal
85%
Scotland Andrew Robertson Liverpool
83%
Poland Robert Lewandowski Barcelona
83%
Croatia Luka Modrić AC Milan
80%
Italy Gianluigi Donnarumma Manchester City
78%
Slovenia Jan Oblak Atlético Madrid
78%
Germany Joshua Kimmich Bayern Munich
78%
Czech Republic Tomáš Souček West Ham United
75%
Belgium Youri Tielemans Aston Villa
73%
Switzerland Granit Xhaka Sunderland
71%
Bosnia and Herzegovina Edin Džeko Fiorentina
66%
Turkey Hakan Çalhanoğlu Inter Milan
66%
Republic of Ireland Séamus Coleman Everton
61%
Northern Ireland Conor Bradley Liverpool
54%
Spain Álvaro Morata Como
53%
Denmark Pierre-Emile Højbjerg Marseille
51%
Finland Lukáš Hrádecký Monaco
44%
Slovakia Milan Škriniar Fenerbahçe
42%
Serbia Aleksandar Mitrović Al Rayyan
41%
Wales Aaron Ramsey Pumas UNAM
39%
Kosovo Amir Rrahmani Napoli
36%
Sweden Victor Lindelöf Aston Villa
34%
Albania Berat Djimsiti Atalanta
31%
Ukraine Andriy Yarmolenko Dynamo Kyiv
15%
Romania Nicolae Stanciu Genoa
12%
Montenegro Stevan Jovetić Omonia
12%
Bulgaria Kiril Despodov PAOK
10%
North Macedonia Enis Bardhi Konyaspor
8%
Georgia Guram Kashia Slovan Bratislava
8%
Iceland Orri Óskarsson Real Sociedad
8%
Greece Tasos Bakasetas Panathinaikos
5%
Andorra Marc Pujol Atlètic d'Escaldes
3%
Kazakhstan Nuraly Alip Zenit Saint Petersburg
3%
Belarus Alyaksandr Martynovich Kairat
2%
Russia Anton Miranchuk Dynamo Moscow
2%
Israel Eli Dasa -
2%
Estonia Karol Mets St. Pauli
2%
Cyprus Kostakis Artymatas Anorthosis Famagusta
2%
Moldova Vadim Rață Argeș Pitești
2%
Armenia Varazdat Haroyan Kazincbarcikai SC
2%
Azerbaijan Emin Mahmudov Neftçi
0%
Lithuania Fedor Černych Kauno Žalgiris
0%
Faroe Islands Hallur Hansson
0%
Latvia Kristers Tobers Aberdeen
0%
Luxembourg Laurent Jans Beveren
0%
Gibraltar Liam Walker Europa
0%
San Marino Matteo Vitaioli La Fiorita
0%
Liechtenstein Nicolas Hasler Vaduz
0%
Malta Steve Borg Valletta
0%
No matching quizzes found
Score Distribution
Percent of People with Each Score
Percentile by Number Answered
Your Score History
You have not taken this quiz since the last reset